|
|
|
|
| LEADER |
00000ckm a2200000 a 4500 |
| 001 |
vtls011586807 |
| 003 |
SK-MaSNL |
| 005 |
20260512122832.0 |
| 007 |
kp bo |
| 008 |
230706q1904 xo g kuhun |
| 015 |
|
|
|a SNBG1904
|
| 035 |
|
|
|a urn:nbn:sk:snk-km00dz76
|
| 035 |
|
|
|a urn:nbn:sk:snk-km3lqqr
|
| 035 |
|
|
|a 0954FF15-6FEA-4E80-B1CA-8915BF7D0ED9
|
| 040 |
|
|
|a SNK
|b slo
|c SNK
|e AACR2
|
| 041 |
0 |
|
|a hun
|
| 043 |
|
|
|a e-xo---
|
| 044 |
|
|
|a xo
|c SK
|
| 072 |
|
7 |
|a 913
|x Regionálna geografia
|2 konspekt
|
| 080 |
|
|
|a (084.121)
|2 2011
|
| 080 |
|
|
|a 913(437.6)
|2 2011
|
| 080 |
|
|
|a 726:27-523.42
|2 2011
|
| 080 |
|
|
|a 728.3
|2 2011
|
| 245 |
0 |
0 |
|a Eperjes
|h grafika
|
| 260 |
|
|
|a Eperjesen
|b Cattarino Sándor
|c [1904?]
|
| 300 |
|
|
|a 1 pohľadnica
|b čiernobiela
|c 9 x 15 cm
|
| 500 |
|
|
|a Názvové údaje prevzaté z obrazovej časti pohľadnice
|
| 520 |
8 |
|
|a Zobrazenie: Pohľad v bielom orámovaní na časť mesta, vpredu s rodinným domom. V popredí je záhrada a v okolí domu množstvo listnatých stromov a kríkov. V pozadí vidno budovy z mesta a uprostred nich kostol sv. Jozefa. V spodnej a pravej časti po celej šírke a výške pohľadnice sa nachádza biely rámček na správu
|
| 650 |
0 |
7 |
|a kostoly
|2 SNKPH
|9 3023
|
| 650 |
0 |
7 |
|a rodinné domy
|2 SNKPH
|9 2984
|
| 651 |
|
7 |
|a Prešov (Slovensko)
|2 SNKPHgeo
|9 17347
|
| 655 |
|
7 |
|a miestne pohľadnice
|2 SNKPH
|9 70510
|
| 655 |
|
7 |
|a historické pohľadnice
|2 SNKPH
|9 159703
|
| 752 |
|
|
|a Slovensko
|d Prešov
|
| 852 |
|
|
|a Slovenská národná knižnica
|
| 958 |
|
|
|a GBN
|
| 958 |
|
|
|a ONDV
|
| 958 |
|
|
|a GC
|
| 999 |
|
|
|c 675439
|d 677369
|
| 952 |
|
|
|a SNK
|b SNK
|y PREZ
|7 0
|p 17A1209970
|o snkSP 20092
|z Pohľadnica prešla poštou.
|0 0
|1 0
|4 0
|d 2016-10-17
|f 1
|l 0
|r 2026-02-23 19:40:11
|w 2026-02-23
|